| 000 | 00900nam a2200253Ia 4500 | ||
|---|---|---|---|
| 999 |
_c3995 _d3995 |
||
| 003 | OSt | ||
| 005 | 20200320160930.0 | ||
| 008 | 191128s2012 ck a ar 000 0 spa d | ||
| 020 | _a9789588678115 | ||
| 040 |
_aCO-JMCR _cCO-JMCR |
||
| 041 | 0 | _aspa | |
| 082 |
_aA / _bBONa |
||
| 100 |
_aBoncens, Christphe, ilustrador _91777 |
||
| 245 | 0 |
_aLos animales salvajes / _cilustrador Christopher Boncens |
|
| 260 |
_bInstituto Colombiano de Bienestar Familiar : _aBogotá, _c2012 |
||
| 300 |
_a[10] páginas sin numerar : _bilustraciones a color ; _c16 cm |
||
| 500 | _aRecomendado de 0 a 2 años. | ||
| 520 | 0 | _aUn libro de cartón para leer y tocar y para que los más pequeños descubran los animales salvajes. | |
| 546 | _aspa | ||
| 650 |
_aÁlbumes infantiles _ysiglo xx _91778 |
||
| 650 |
_aAnimales en la literatura _9633 |
||
| 650 |
_aLibros ilustrados para niños _9180 |
||
| 942 |
_2ddc _cBK |
||